Obras del V. P. M. Fray Luis de Granada. (Registro nro. 65174)

Detalles MARC
000 - Líder
Campo de control de longitud fija 00831nam a22002777a 4500
003 - Identificador de número de control
Campo de control OSt
005 - Fecha y hora de la última transacción
Campo de control 20260703092412.0
008 - Elementos de datos de longitud fija - Información general
Campo de control de longitud fija 260703b ar ||||| |||| 00| | spa d
040 ## - Fuente de catalogación
Agencia de catalogación HCSPBA
041 ## - Código de idioma
Idioma Español
942 ## - Elementos de entrada adicional
Tipo de ítem LIBROS
100 ## - Autor
Nombre personal Granada, Luis de
700 ## - Autor
Nombre personal Mora, José Joaquín
Función Prólogo
245 ## - Título propiamente dicho
Título Obras del V. P. M. Fray Luis de Granada.
Número de parte/sección de una obra Tomo 2.
260 ## - Publicación, Distribución, etc.
Lugar de publicación, distribución, etc. Madrid.
Nombre del editor, distribuidor, etc. M. Rivadeneyra.
Fecha de publicación, distribución, etc. 1855.
300 ## - Descripción física
Extensión 3 v.
490 ## - Declaración de serie
Mención de serie Biblioteca de autores españoles, desde la formación del lenguaje hasta nuestros días
Volumen/designación secuencial 8
505 ## - Nota de contenido formateado
Nota de contenido/Índice Indice
505 ## - Nota de contenido formateado
Nota de contenido/Índice De la oración y consideración
505 ## - Nota de contenido formateado
Nota de contenido/Índice Memorial de la vida cristiana
505 ## - Nota de contenido formateado
Nota de contenido/Índice Adiciones al memorial de la vida cristiana
505 ## - Nota de contenido formateado
Nota de contenido/Índice Meditaciones muy devotas
650 ## - Asunto - Temas
Tema LITERATURA
650 ## - Asunto - Temas
Tema HISTORIA
651 ## - Asunto - Nombre geográfico
Nombre geográfico ESPAÑA
999 ## -
-- 65174
-- 134643
Existencias
Biblioteca depositaria Tipo de ítem Colección Signatura topográfica Código de barra Préstamo - Restricciones Fecha de adquisición
Biblioteca Legislativa y Pública "Eva Perón" LIBROS Fondo general 1803 T.8 LEG-LIB-020916 Sala de lectura 03.07.2026

Con tecnología Koha